Sad Beautiful Tragic lyrics - Statistics

General Stats
  • This quiz has been taken 255 times
  • The average score is 145 of 184
Answer Stats
Lyrics % Correct
a
100%
A
100%
love
98%
sad
98%
be
97%
beautiful
97%
tragic
97%
tragic,
97%
I
95%
We
95%
we
95%
affair
92%
the
92%
you
92%
had
91%
magic
88%
me
88%
me,
88%
to
88%
What
88%
it
85%
in
84%
In
84%
your
83%
just
82%
and
79%
And
79%
listen?
79%
of
79%
try
79%
Distance,
77%
there
77%
it's
76%
its
76%
they
75%
breakdown,
74%
Could
74%
off
73%
timing,
73%
you're
73%
fighting
72%
track
72%
fix
70%
handwritten
70%
Kiss
70%
Long
70%
long
70%
note
70%
too
70%
us,
70%
can't
69%
deep
69%
how
69%
pocket
69%
when
69%
little
68%
all
67%
For
67%
back
66%
late
66%
mean
66%
runs
65%
train
65%
Silence,
63%
time
63%
'Cause
62%
get
62%
will
61%
Words,
61%
is
59%
life
59%
wait
59%
you've
58%
like
57%
look
57%
up,
57%
up
57%
by
56%
got
56%
conversation
54%
darlin'
54%
give
53%
Hang
53%
face
52%
locket
52%
demons
51%
dreams,
51%
girls,
51%
Good
51%
meet
50%
right
50%
sweet
50%
they'll
50%
different
49%
lonely
49%
taking
49%
tracks,
49%
both
48%
cities
48%
stood
48%
hopeful
46%
wake
46%
beds
45%
erasing
43%
warm
41%
No matching quizzes found
Score Distribution
Percent of People with Each Score
Percentile by Number Answered
Your Score History
You have not taken this quiz